1359 1990 1496 1089 1967 1457 1435 1633 1055 1753 1586 1760 1762 1672 1707 1803 1636 1739 1312 1365 1934 1449 1622 1381 1763 1132 1806 1797 1731 1908 1261 1504 1503 1029 1069 1094 1216 1372 1627 1514 1887 1738 1539 1260 1003 1707 1879 1162 1452 1196 1586 1525 1836 1639 1650 1852 1800 1228 1124 1607 1656 1394 1525 1916 1748 1499 1404 1134 1922 1702 1926 1107 1143 1063 1824 1396 1985 1013 1346 1487 1041 1426 1009 1685 1334 1503 1940 1986 1945 1350 1719 1248 1536 1213 1191 1976 1686 1678 1963 BCNSPRNW ULIB Ver.6.0+V

เปลี่ยนเป็นภาษาไทย

Change to English
 แสดงรายละเอียดบรรณานุกรม
  กลับหน้าหลัก

Brief Record : Get Marc (ISO 2709) : E-mail record : QR code < ปิดหน้าต่าง
LEADER : 00000nam 2200000uu 4500
001    13399113971
003     ULIB
008    120119s2553||||th 000 0 tha d
020    ^a9789747810448
060  4 ^aWS280^bน237
245 00 ^aแนวทางการบำบัดรักษาทางระบบหายใจในเด็ก :^bชมรมโรคระบบหายใจและเวชบำบัดวิกฤติในเด็กแห่งประเทศไทย ราชวิทยาลัยกุมารแพทยืแห่งประเทศไทย
250    ^aพิมพ์ครั้งที่ 1
260    ^aกรุงเทพฯ :^bราชวิทยาลัยกุมารแพทยืแห่งประเทศไทย ,^c2553
300    ^a87 หน้า :^bภาพประกอบ ;^c21 ซม.
650  4 ^aทางเดินอากาศหายใจ, การติดเชื้อ^xในวัยทารกและเด็ก
650  4 ^aระบบหายใจ^xโรค^xในวัยทารกและเด็ก^xการวินิจฉัย
650  4 ^aระบบหายใจ^xโรค^xในวัยทารกและเด็ก^xการรักษา
650  4 ^aทางเดินอากาศหายใจ, โรค^xในวัยทารกและเด็ก^xการวินิจฉัย
650  4 ^aทางเดินอากาศหายใจ, โรค^xในวัยทารกและเด็ก^xการรักษา
710 2  ^aชมรมโรคระบบหายใจและเวชบำบัดวิกฤตในเด็กแห่งประเทศไทย.
710 2  ^aราชวิทยาลัยกุมารแพทย์แห่งประเทศไทย
945    ^p0^l0^i18671
945    ^p0^l0^i23028
995    ^aกัณชพร
999    ^aใช้งานได้ทุกระบบ
รายการนี้ยังไม่มีแท็ก
คุณยังไม่ได้ล็อกอิน คุณสามารถมีกิจกรรมร่วมกับเว็บไซต์ได้ แต่ต้องล็อกอินก่อน ::
  ล็อกอิน

รายการสื่อสารสนเทศ

ลำดับที่ ประเภท เลขเรียก/บาร์โค้ด สถานที่ สถานะ
1. วิทยาศาสตร์การแพทย์ และสุขภาพ
วิทยาศาสตร์การแพทย์ และสุขภาพ
WS280 น237  
  Barcode: 18671
ห้องสมุดวิทยาเขตนครสวรรค์
►ส่วนจัดเก็บหนังสือเก่า นว.
บนชั้น
  ขอยืม
2. วิทยาศาสตร์การแพทย์ และสุขภาพ
วิทยาศาสตร์การแพทย์ และสุขภาพ
WS280 น237 ฉ.2 
  Barcode: 23028
ห้องสมุดวิทยาเขตนครสวรรค์
►ส่วนจัดเก็บหนังสือเก่า นว.
บนชั้น
  ขอยืม

BibComment


ยังไม่เคยถูกคอมเมนท์

คอมเมนท์ทรัพยากรรายการนี้
  คอมเมนท์: แนวทางการบำบัดรั..


 Copyright 2026. Bcnsprnw @Library